| 000 | 01510nam0a22002771 4500 | ||
|---|---|---|---|
| 001 | rc\1018955 | ||
| 005 | 20041129102516.5 | ||
| 035 | _a(NLR Aleph) 006183833 | ||
| 090 |
_a6094070 _c6094070 |
||
| 100 | _a20041129d1981 u |0rusy50 ca | ||
| 101 | 0 | _arus | |
| 102 | _aRU | ||
| 105 | _aa ||||||||| | ||
| 200 | 1 |
_aМетодологические проблемы создания автоматизированных систем плановых расчетов большого города _eСб. науч. тр. _fНауч.-произв. об-ние по атоматизации управления гор. хоз-вом и вычисл. работам _g[Под ред. С.Е. Сердюка] |
|
| 210 |
_aМ. _cНПО АСУ "Москва" _d1981 |
||
| 215 |
_a82 с. _cграф. _d26 |
||
| 300 | _aЗагл. обл.: Методологические проблемы создания АСПР большого города | ||
| 320 | _aБиблиогр. в конце работ | ||
| 512 | 0 | _aМетодологические проблемы создания АСПР большого города | |
| 702 | 1 |
_aСердюк _bС. Е. _4340 |
|
| 712 | 0 | 2 |
_aНаучно-производственное об-ние по автоматизации управления гор. хозяйством и вычислительным работам _cМосква _3RU\NLR\AUTH\8810002137 |
| 801 | 0 |
_aRU _bNLR _gpsbo |
|
| 801 | 1 |
_aRU _bELAR _2rusmarc |
|
| 852 |
_aNLR _j82-7/539 |
||
| 942 | _cBOOK | ||
| 980 | _aNB | ||